[Event "Sachsen-Anhalt Landesliga-B 1920"]
[Site "Sachsen Anhalt"]
[Date "2020.09.20"]
[Round "8.4"]
[White "Glaeser, Tobias"]
[Black "Nowak, Stefan"]
[Result "0-1"]
[WhiteElo "1651"]
[BlackElo "1848"]
[PlyCount "66"]
[EventDate "2019.09.29"]
[EventType "team-tourn"]
[EventRounds "9"]
[EventCountry "GER"]
[SourceTitle "EXT 2023"]
[Source "ChessBase"]
[SourceDate "2022.10.05"]
[SourceVersion "1"]
[SourceVersionDate "2022.10.05"]
[SourceQuality "1"]
[WhiteTeam "Granschuetz Gruen Weiss"]
[BlackTeam "Halle USV III"]
[WhiteTeamCountry "GER"]
[BlackTeamCountry "GER"]

1. e4 e5 2. Nf3 Nc6 3. Bb5 a6 4. Ba4 Nf6 5. 0-0 b5 6. Bb3 Be7 7. d3 0-0 8. c3 d6 9. Nbd2 Na5 10. Bc2 c5 11. Re1 Qc7 12. Nf1 Bg4 13. Ne3 Bh5 14. Nf5 Ne8 15. Ng3 Bg6 16. Ng5 Qd7 17. Qe2 h6 18. Nf3 Nc6 19. Bd2 Nc7 20. Rad1 a5 21. Be3 Qe6 22. Bb1 Qc8 23. d4 exd4 24. cxd4 c4 25. a4 Qb7 26. axb5 Nxb5 27. Qxc4 Rfc8 28. Qe2 Bf6 29. h3 Rab8 30. Nf5 Bxf5 31. exf5 Re8 32. Qd2 Nb4 33. g4 Qxf3 0-1

[Event "Sachsen-Anhalt Landesliga-B 1920"]
[Site "Sachsen Anhalt"]
[Date "2020.01.19"]
[Round "5.6"]
[White "Nowak, Stefan"]
[Black "Persing, Sylvio"]
[Result "1-0"]
[WhiteElo "1848"]
[BlackElo "1786"]
[PlyCount "73"]
[EventDate "2019.09.29"]
[EventType "team-tourn"]
[EventRounds "9"]
[EventCountry "GER"]
[SourceTitle "EXT 2023"]
[Source "ChessBase"]
[SourceDate "2022.10.05"]
[SourceVersion "1"]
[SourceVersionDate "2022.10.05"]
[SourceQuality "1"]
[WhiteTeam "Halle USV III"]
[BlackTeam "Merseburg II"]
[WhiteTeamCountry "GER"]
[BlackTeamCountry "GER"]

1. d4 g6 2. e4 Bg7 3. Nf3 d6 4. Nc3 Nd7 5. Bc4 e6 6. Be3 Ne7 7. Qd2 Nb6 8. Bb3 d5 9. 0-0-0 Bd7 10. Bh6 0-0 11. h4 f5 12. e5 f4 13. Bxf4 Be8 14. Ne2 Rc8 15. g4 c5 16. dxc5 Rxc5 17. Ned4 Qc8 18. Bh6 Nc4 19. Qg5 Rf7 20. h5 Na5 21. Bxg7 Nxb3+ 22. axb3 Rxg7 23. Qf6 Bd7 24. hxg6 Nxg6 25. Ng5 Nf8 26. f4 Qe8 27. Rh6 Rg6 28. Rxg6+ Qxg6 29. Rh1 Ra5 30. Kd2 Ra6 31. Qe7 h6 32. Ngf3 Qg7 33. Qd8 Kf7 34. g5 hxg5 35. Nxg5+ Kg6 36. Ngxe6 Nxe6 37. f5+ 1-0

[Event "Sachsen-Anhalt Landesliga-B 1920"]
[Site "Sachsen Anhalt"]
[Date "2019.10.20"]
[Round "2.7"]
[White "Nowak, Stefan"]
[Black "Steudner, Reinhold"]
[Result "1-0"]
[WhiteElo "1848"]
[BlackElo "1607"]
[PlyCount "79"]
[EventDate "2019.09.29"]
[EventType "team-tourn"]
[EventRounds "9"]
[EventCountry "GER"]
[SourceTitle "EXT 2023"]
[Source "ChessBase"]
[SourceDate "2022.10.05"]
[SourceVersion "1"]
[SourceVersionDate "2022.10.05"]
[SourceQuality "1"]
[WhiteTeam "Halle USV III"]
[BlackTeam "Hettstedt"]
[WhiteTeamCountry "GER"]
[BlackTeamCountry "GER"]

1. d4 d6 2. Nf3 g6 3. e4 Nf6 4. Nc3 Bg7 5. Be2 0-0 6. 0-0 Nc6 7. d5 Nb8 8. Nd4 c5 9. dxc6 Nxc6 10. Be3 h6 11. Nb3 Kh7 12. f3 a6 13. Na4 Nd7 14. c4 Rb8 15. Qd2 b5 16. cxb5 axb5 17. Nc3 b4 18. Nd5 e6 19. Nf4 Nf6 20. Rfd1 Ne8 21. Rac1 Na5 22. Nc5 Qf6 23. Na4 g5 24. Nh5 Qe7 25. Nxg7 Kxg7 26. Nb6 Bd7 27. Qxb4 Nb7 28. e5 Qd8 29. exd6 Kg8 30. h4 f6 31. a4 f5 32. hxg5 hxg5 33. Bxg5 Qxg5 34. Nxd7 Nexd6 35. f4 Qg3 36. Rc3 Qg7 37. Nxb8 Ne4 38. Rd7 Qh6 39. Rh3 Qxf4 40. Rh8+ 1-0

[Event "Sachsen-Anhalt Landesliga-B 1920"]
[Site "Sachsen Anhalt"]
[Date "2019.09.29"]
[Round "1.6"]
[White "Nowak, Stefan"]
[Black "Nahlik, Walter"]
[Result "1-0"]
[WhiteElo "1848"]
[BlackElo "1611"]
[PlyCount "51"]
[EventDate "2019.09.29"]
[EventType "team-tourn"]
[EventRounds "9"]
[EventCountry "GER"]
[SourceTitle "EXT 2023"]
[Source "ChessBase"]
[SourceDate "2022.10.05"]
[SourceVersion "1"]
[SourceVersionDate "2022.10.05"]
[SourceQuality "1"]
[WhiteTeam "Halle USV III"]
[BlackTeam "Dessau II"]
[WhiteTeamCountry "GER"]
[BlackTeamCountry "GER"]

1. d4 d5 2. c4 e6 3. Nc3 Nf6 4. Nf3 Be7 5. Bg5 c6 6. e3 Nbd7 7. Bd3 dxc4 8. Bxc4 Nd5 9. Bxe7 Qxe7 10. 0-0 0-0 11. Qd2 N7f6 12. Bd3 Rd8 13. e4 Nxc3 14. bxc3 h6 15. Rfe1 b6 16. c4 Bb7 17. e5 Nh7 18. Be4 Rd7 19. h4 Rad8 20. Qc2 Nf8 21. Rad1 Rc7 22. Qb3 Nd7 23. Bb1 c5 24. d5 exd5 25. cxd5 c4 26. Qc2 1-0

[Event "Sachsen-Anhalt Verbandsliga 2017/18"]
[Site "Sachsen Anhalt"]
[Date "2018.01.21"]
[Round "4.7"]
[White "Kuna, Ralf Michael"]
[Black "Nowak, Stefan"]
[Result "1-0"]
[WhiteElo "2103"]
[BlackElo "1958"]
[PlyCount "105"]
[EventDate "2017.12.22"]
[EventType "team-tourn"]
[EventRounds "9"]
[EventCountry "GER"]
[SourceTitle "EXT 2020"]
[Source "ChessBase"]
[SourceDate "2019.10.17"]
[SourceVersion "1"]
[SourceVersionDate "2019.10.17"]
[SourceQuality "1"]
[WhiteTeam "Magdeburg Rochade"]
[BlackTeam "Halle USV II"]
[WhiteTeamCountry "GER"]
[BlackTeamCountry "GER"]

1. e4 e5 2. Nf3 Nc6 3. Bb5 a6 4. Bxc6 dxc6 5. d4 exd4 6. Qxd4 Qxd4 7. Nxd4 Bd6 8. Be3 c5 9. Nb3 b6 10. Nc3 Ne7 11. 0-0 f6 12. f3 Be6 13. Nd2 0-0-0 14. Ne2 Rhe8 15. Rfd1 Nc6 16. a3 g5 17. g3 h6 18. Kg2 f5 19. Nc3 Be5 20. f4 Bd4 21. Nf1 fxe4 22. fxg5 Bg4 23. gxh6 Bf3+ 24. Kg1 Rh8 25. Re1 Rxh6 26. Nxe4 Bxe4 27. Bxd4 Rxd4 28. c3 Rc4 29. Nd2 Bd5 30. Nxc4 Bxc4 31. Rad1 b5 32. Kg2 Be6 33. h4 Kb7 34. Rd2 Kb6 35. Rde2 Bd7 36. Rd2 Bg4 37. Re4 Be6 38. Kf3 Na5 39. Kf4 Nc4 40. Rde2 Bd5 41. Kg5 Rd6 42. Rf4 Ka5 43. h5 Ka4 44. h6 Bg8 45. Rf6 Bh7 46. Rxd6 cxd6 47. Kf6 Bd3 48. Re6 Kb3 49. g4 Kxb2 50. g5 Ne5 51. Rxe5 dxe5 52. g6 Bxg6 53. Kxg6 1-0